000 00428nam a2200181Ia 4500
005 20231003104044.0
008 131103s9999 xx 000 0 und d
040 _aLoreto College
041 _aEnglish
082 _aF
_bPLU
100 _aPlunkett,James
245 _aStrumpet city
_cJames Plunkett
260 _aLondon
_bHutchinson
_c1970
300 _a573p
650 _aEnglish Fiction
850 _aLCLIB
942 _cBK
999 _c18628
_d69107